[Event "FRA-chT1 0910"]
[Site "France"]
[Date "2009.12.12"]
[Round "6.6"]
[White "Van Hoolandt, Patrick"]
[Black "Genova, Liubka"]
[Result "1/2-1/2"]
[WhiteElo "2211"]
[BlackElo "2263"]
[PlyCount "38"]
[EventDate "2009.09.27"]
[EventType "team-match"]
[EventRounds "11"]
[EventCountry "FRA"]
[SourceDate "2009.07.26"]

1. d4 g6 2. c4 Bg7 3. e4 d6 4. Nc3 Nf6 5. Nf3 O-O 6. Be3 Nbd7 7. h3 e5 8. d5
Nh5 9. Nd2 Qe8 10. Nb5 Qd8 11. g3 a6 12. Nc3 c5 13. Be2 Ndf6 14. a4 Bd7 15. Ra3
Rb8 16. Bf3 Qc8 17. Bg2 Ne8 18. Bf3 Nef6 19. Bg2 Ne8 1/2-1/2

[Event "FRA-chT1 0910"]
[Site "France"]
[Date "2009.12.12"]
[Round "6.8"]
[White "Verot, Melanie"]
[Black "Wilson, Alexandra"]
[Result "1-0"]
[WhiteElo "2116"]
[BlackElo "2089"]
[PlyCount "101"]
[EventDate "2009.09.27"]
[EventType "team-match"]
[EventRounds "11"]
[EventCountry "FRA"]
[SourceDate "2009.07.26"]

1. d4 e6 2. c4 f5 3. Nc3 Nf6 4. Nf3 Bb4 5. Qb3 Bxc3+ 6. bxc3 O-O 7. e3 b6 8.
Be2 Nc6 9. O-O Bb7 10. Ba3 Na5 11. Qc2 d6 12. c5 Be4 13. Qd1 Nd5 14. Bb4 Nc6
15. cxd6 cxd6 16. Bc4 Ncxb4 17. cxb4 Rc8 18. Rc1 Qf6 19. a3 b5 20. Bb3 Qg6 21.
Nh4 Qh6 22. Nf3 f4 23. Bxd5 Bxd5 24. Re1 Rxc1 25. Qxc1 Qg6 26. Nh4 Qg4 27. e4
Qxh4 28. exd5 exd5 29. Qc6 Qg5 30. Qxd6 f3 31. Qe6+ Kh8 32. g3 h6 33. h4 Qd2
34. Qe3 Qc2 35. Rc1 Qf5 36. Kh2 Qd7 37. Rc5 Rf5 38. Rc3 g5 39. g4 Rf7 40. Qe5+
Kh7 41. Kg3 gxh4+ 42. Kxh4 Kg8 43. Rc5 h5 44. gxh5 Rf5 45. Qb8+ Rf8 46. Qg3+
Kh8 47. Qe5+ Qg7 48. Qxg7+ Kxg7 49. Rxd5 Kf6 50. Kg4 a6 51. Rf5+ 1-0

[Event "FRA-chT1 0910"]
[Site "France"]
[Date "2009.12.12"]
[Round "6.5"]
[White "Vesin, Jean Robert"]
[Black "Dobrev, Nanko"]
[Result "0-1"]
[WhiteElo "2244"]
[BlackElo "2403"]
[PlyCount "84"]
[EventDate "2009.09.27"]
[EventType "team-match"]
[EventRounds "11"]
[EventCountry "FRA"]
[SourceDate "2009.07.26"]
[BlackTeam "Grasse Echecs"]

1. e4 Nf6 2. Nc3 e5 3. Nf3 Nc6 4. Bb5 Bb4 5. O-O O-O 6. d3 d6 7. Bg5 Bxc3 8.
bxc3 Qe7 9. Nd2 h6 10. Bxf6 Qxf6 11. Qf3 Qg5 12. Nc4 Ne7 13. Ne3 Ng6 14. Bc4 c6
15. Rab1 Kh7 16. Qg3 Qh5 17. Rfe1 Nf4 18. d4 b6 19. f3 Be6 20. Bb3 Rae8 21.
Rbd1 Bc8 22. Rd2 b5 23. c4 b4 24. c5 dxc5 25. dxe5 Qxe5 26. Nc4 Qg5 27. Qxg5
hxg5 28. Red1 Re7 29. Na5 Rc7 30. Kf2 Ne6 31. Ba4 Nd4 32. Nb3 Nb5 33. Nxc5 Nc3
34. Ra1 Nxa4 35. Nxa4 c5 36. Rd5 Be6 37. Rxg5 f6 38. Rxc5 Rfc8 39. Rxc7 Rxc7
40. Rb1 Rxc2+ 41. Kg3 a5 42. a3 Ba2 0-1

[Event "FRA-chT1 0910"]
[Site "France"]
[Date "2009.11.22"]
[Round "5.3"]
[White "Acher, Mathieu"]
[Black "Sulava, Nenad"]
[Result "1-0"]
[WhiteElo "2345"]
[BlackElo "2551"]
[PlyCount "41"]
[EventDate "2009.09.27"]
[EventType "team-match"]
[EventRounds "11"]
[EventCountry "FRA"]
[SourceDate "2009.07.26"]
[BlackTeam "La Tour Hyéroise"]

1. e4 c5 2. Nf3 a6 3. b3 b6 4. c4 Bb7 5. Nc3 e6 6. Bb2 Qc7 7. g3 Nf6 8. Qe2 Nc6
9. Bg2 Be7 10. O-O d6 11. Rad1 O-O 12. d4 cxd4 13. Nxd4 Rfd8 14. Nc2 Nd7 15.
Ne3 Bf8 16. f4 Rac8 17. Rf2 Ne7 18. Qd2 Ng6 19. h4 Nf6 20. Bf3 b5 21. Qe2 {
suite illisible} 1-0

[Event "FRA-chT1 0910"]
[Site "France"]
[Date "2009.11.22"]
[Round "5.5"]
[White "Andonov, Bogomil"]
[Black "Canneva, Florian"]
[Result "1-0"]
[WhiteElo "2276"]
[BlackElo "2095"]
[PlyCount "61"]
[EventDate "2009.09.27"]
[EventType "team-match"]
[EventRounds "11"]
[EventCountry "FRA"]
[SourceDate "2009.07.26"]

1. Nf3 Nf6 2. c4 g6 3. Nc3 c5 4. e4 Nc6 5. d4 cxd4 6. Nxd4 d6 7. Nc2 Bg7 8. Be2
O-O 9. O-O a5 10. Be3 a4 11. Na3 Nd7 12. Qd2 Nc5 13. f3 Be6 14. Rac1 Qa5 15.
Rfd1 Qb4 16. Rb1 f5 17. Nc2 Qa5 18. exf5 Bxf5 19. Rbc1 Ne5 20. Nd4 Bd3 21. Nd5
Qxd2 22. Rxd2 Bxe2 23. Rxe2 e6 24. Nc7 Rac8 25. Ncxe6 Rfe8 26. Nxg7 Kxg7 27. b3
axb3 28. axb3 Ned3 29. Rd1 Nb4 30. Nb5 Re6 31. Nxd6 {suite illisible} 1-0

[Event "FRA-chT1 0910"]
[Site "France"]
[Date "2009.11.22"]
[Round "5.5"]
[White "Bafounta, Denis"]
[Black "Dacalor, Aurelie"]
[Result "1-0"]
[WhiteElo "2245"]
[BlackElo "2003"]
[PlyCount "77"]
[EventDate "2009.09.27"]
[EventType "team-match"]
[EventRounds "11"]
[EventCountry "FRA"]
[SourceDate "2009.07.26"]

1. d4 Nf6 2. c4 d6 3. Nc3 Bf5 4. g3 Nbd7 5. Bg2 e5 6. e4 Bg6 7. Nge2 Be7 8. O-O
O-O 9. Kh1 c6 10. f4 Ne8 11. g4 exf4 12. Bxf4 Bg5 13. Bg3 Bh4 14. Qe1 Bxg3 15.
Qxg3 h6 16. Rad1 Qc7 17. Nf4 Bh7 18. Rg1 Qa5 19. Bf3 Rd8 20. a3 g5 21. Ng2 Nb6
22. Ne3 Ng7 23. Qh3 d5 24. c5 dxe4 25. Bxe4 Nd5 26. Qxh6 Bxe4+ 27. Nxe4 f6 28.
Nxd5 cxd5 29. Nxf6+ Kf7 30. Nh5 Nxh5 31. Qxh5+ Ke7 32. Qxg5+ Kd7 33. Qxd5+ Kc8
34. Qe6+ Kb8 35. Qe5+ Ka8 36. Qe3 Rde8 37. Qd2 Qb5 38. Rde1 Rd8 39. Qe2 1-0

[Event "FRA-chT1 0910"]
[Site "France"]
[Date "2009.11.22"]
[Round "5.2"]
[White "Bensdorp, Marlies"]
[Black "Brih, Said"]
[Result "1-0"]
[WhiteElo "2322"]
[BlackElo "2343"]
[PlyCount "83"]
[EventDate "2009.09.27"]
[EventType "team-match"]
[EventRounds "11"]
[EventCountry "FRA"]
[SourceDate "2009.07.26"]

1. d4 Nf6 2. c4 g6 3. Nc3 Bg7 4. e4 d6 5. Bd3 O-O 6. Nge2 Nbd7 7. O-O e5 8. d5
Kh8 9. Rb1 Ng8 10. b4 f5 11. exf5 gxf5 12. f4 e4 13. Bc2 a5 14. a3 axb4 15.
axb4 Ndf6 16. Be3 Ng4 17. Bd4 N8f6 18. h3 Nh6 19. Bb3 Bd7 20. Qd2 Qe8 21. Nd1
Qg6 22. Ne3 Rf7 23. Ra1 Rg8 24. Ra7 Bc8 25. c5 Nh5 26. Rf2 Bf6 27. Qc3 Rfg7 28.
c6 b6 29. Bc4 Bxd4 30. Qxd4 Nf6 31. Kf1 Qf7 32. Ke1 Qe7 33. Nc3 Nf7 34. Bf1 Rg3
35. Nb5 R8g7 36. Rxc7 Qd8 37. Ra7 Ne5 38. Rxg7 Kxg7 39. fxe5 dxe5 40. Nxf5+
Bxf5 41. Qxe5 Re3+ 42. Be2 1-0

[Event "FRA-chT1 0910"]
[Site "France"]
[Date "2009.11.22"]
[Round "5.6"]
[White "Boursier, Julien"]
[Black "Poignot, Quentin"]
[Result "0-1"]
[WhiteElo "2106"]
[BlackElo "2141"]
[PlyCount "98"]
[EventDate "2009.09.27"]
[EventType "team-match"]
[EventRounds "11"]
[EventCountry "FRA"]
[SourceDate "2009.07.26"]

1. d4 Nf6 2. Nf3 c5 3. d5 e6 4. Nc3 Nxd5 5. Nxd5 exd5 6. Qxd5 d6 7. Ng5 Qf6 8.
e4 Nc6 9. Bc4 Be6 10. Nxe6 fxe6 11. Qxe6+ Qxe6 12. Bxe6 Nd4 13. Bb3 c4 14. c3
Nxb3 15. axb3 cxb3 16. Ra3 O-O-O 17. Rxb3 Re8 18. Rb4 d5 19. Ra4 Rxe4+ 20. Rxe4
dxe4 21. Be3 a6 22. Bd4 Kd7 23. O-O Ke6 24. Ra1 Rg8 25. Ra5 Bd6 26. Kf1 g6 27.
Ke2 Bc7 28. Ra4 Re8 29. Ke3 Kf5 30. g3 h5 31. Rc4 Bd6 32. Bb6 Re5 33. b4 Re8
34. Rd4 Bf8 35. Rd7 Re7 36. Rd5+ Re5 37. Rd8 Bh6+ 38. Kd4 e3 39. fxe3 Bxe3+ 40.
Kd3 Bxb6 41. Rd7 Bg1 42. Rxb7 Bxh2 43. c4 Bxg3 44. c5 Re6 45. Kd4 h4 46. Kd5 h3
47. Rh7 h2 48. c6 Re1 49. c7 Bxc7 0-1

[Event "FRA-chT1 0910"]
[Site "France"]
[Date "2009.11.22"]
[Round "5.8"]
[White "Brih, Touatia"]
[Black "Marcel, Valentin"]
[Result "0-1"]
[WhiteElo "1958"]
[BlackElo "1956"]
[PlyCount "84"]
[EventDate "2009.09.27"]
[EventType "team-match"]
[EventRounds "11"]
[EventCountry "FRA"]
[SourceDate "2009.07.26"]

1. Nf3 c5 2. g3 d5 3. Bg2 Nc6 4. O-O Nf6 5. d4 Bg4 6. c3 e6 7. Qa4 Bd6 8. dxc5
Bxc5 9. Ne5 Bxe2 10. Re1 Bh5 11. b4 Bd6 12. Nxc6 Qd7 13. b5 bxc6 14. bxc6 Qc7
15. Bg5 Ne4 16. Bxe4 dxe4 17. Nd2 Bg6 18. Nxe4 Bxe4 19. Rxe4 O-O 20. Rd1 Rac8
21. Qd4 Qxc6 22. Bf6 Bc5 23. Qe5 g6 24. Rh4 Rfe8 25. Qg5 Bf8 26. Rdd4 Rb8 27.
Rde4 Rb1+ 28. Kg2 Re1 29. f3 Rxe4 30. fxe4 Qc4 31. Qd2 e5 32. Bg5 Re6 33. Bh6
Rd6 34. Qe3 Rd3 35. Qg5 Qxa2+ 36. Kh3 Qe6+ 37. Kg2 Qa2+ 38. Kh3 Qe6+ 39. Kg2
Bc5 40. Rg4 Qa2+ 41. Kh3 Bg1 42. Rh4 Qxh2+ 0-1

[Event "FRA-chT1 0910"]
[Site "France"]
[Date "2009.11.22"]
[Round "5.5"]
[White "Chebance, Benoit"]
[Black "Nass, Emile"]
[Result "1/2-1/2"]
[WhiteElo "1994"]
[BlackElo "2224"]
[PlyCount "31"]
[EventDate "2009.09.27"]
[EventType "team-match"]
[EventRounds "11"]
[EventCountry "FRA"]
[SourceDate "2009.07.26"]

1. e4 e6 2. d4 d5 3. Nd2 Be7 4. c3 c5 5. Ngf3 Nf6 6. e5 Nfd7 7. Bd3 Nc6 8. O-O
a5 9. a3 c4 10. Bc2 b5 11. Re1 Nb6 12. Nf1 Bd7 13. Ng3 h5 14. Ne2 b4 15. Be3 b3
16. Bb1 1/2-1/2

[Event "FRA-chT1 0910"]
[Site "France"]
[Date "2009.11.22"]
[Round "5.8"]
[White "Choisy, Mathilde"]
[Black "Tripoz, Alexandre"]
[Result "1-0"]
[WhiteElo "2143"]
[BlackElo "1890"]
[PlyCount "41"]
[EventDate "2009.09.27"]
[EventType "team-match"]
[EventRounds "11"]
[EventCountry "FRA"]
[SourceDate "2009.07.26"]

1. e4 c5 2. b3 e6 3. Nf3 Nc6 4. Bb2 Nf6 5. e5 Nd5 6. g3 Be7 7. Bg2 O-O 8. O-O
b5 9. Na3 b4 10. Nc4 Ba6 11. d3 Bxc4 12. dxc4 Nb6 13. Qe2 Qc7 14. Rad1 Rad8 15.
h4 d5 16. exd6 Bxd6 17. Qe4 h6 18. Rfe1 Nd7 19. Bh3 Be7 20. Qe3 Kh8 21. Qxh6+
1-0

[Event "FRA-chT1 0910"]
[Site "France"]
[Date "2009.11.22"]
[Round "5.1"]
[White "Efimov, Igor"]
[Black "Ninov, Nikolai"]
[Result "1/2-1/2"]
[WhiteElo "2435"]
[BlackElo "2558"]
[PlyCount "26"]
[EventDate "2009.09.27"]
[EventType "team-match"]
[EventRounds "11"]
[EventCountry "FRA"]
[SourceDate "2009.07.26"]
[WhiteTeam "Monaco"]
[BlackTeam "La Tour Hyéroise"]

1. d4 Nf6 2. Nf3 e6 3. c4 d5 4. e3 Nbd7 5. Bd3 dxc4 6. Bxc4 c5 7. O-O Nb6 8.
Bb3 cxd4 9. exd4 Be7 10. Nc3 O-O 11. Qd3 Nbd5 12. a3 Qb6 13. Bc2 Qa6 1/2-1/2

[Event "FRA-chT1 0910"]
[Site "France"]
[Date "2009.11.22"]
[Round "5.1"]
[White "Fargere, Francois"]
[Black "Sanchez, Joseph"]
[Result "1-0"]
[WhiteElo "2501"]
[BlackElo "2501"]
[PlyCount "41"]
[EventDate "2009.09.27"]
[EventType "team-match"]
[EventRounds "11"]
[EventCountry "FRA"]
[SourceDate "2009.07.26"]
[WhiteTeam "Grasse Echecs"]

1. e4 c5 2. Nf3 Nc6 3. Bb5 Nf6 4. Bxc6 dxc6 5. d3 Bg4 6. h3 Bh5 7. Be3 e6 8.
Nbd2 Be7 9. O-O Nd7 10. c3 Ne5 11. g4 Nxf3+ 12. Nxf3 Bg6 13. Ne5 f6 14. Nxg6
hxg6 15. Kh2 Qd7 16. d4 c4 17. Qe2 f5 18. Rae1 Rh4 19. exf5 gxf5 20. gxf5 O-O-O
21. f4 {suite illisible} 1-0

[Event "FRA-chT1 0910"]
[Site "France"]
[Date "2009.11.22"]
[Round "5.7"]
[White "Gentilleau, Jean Philippe"]
[Black "Lallement, Victor"]
[Result "0-1"]
[WhiteElo "2190"]
[BlackElo "2117"]
[PlyCount "57"]
[EventDate "2009.09.27"]
[EventType "team-match"]
[EventRounds "11"]
[EventCountry "FRA"]
[SourceDate "2009.07.26"]

1. Nf3 Nf6 2. c4 c6 3. g3 d5 4. Bg2 e6 5. O-O Nbd7 6. b3 Be7 7. Bb2 O-O 8. d3
b6 9. Nbd2 Bb7 10. Rc1 c5 11. e3 Rc8 12. Qe2 Nb8 13. Ne5 Nc6 14. Ndf3 Nd7 15.
Nxd7 Qxd7 16. cxd5 exd5 17. d4 Nb4 18. Ne5 Qe6 19. Rfd1 f6 20. Nd3 Nxd3 21.
Qxd3 c4 22. Qe2 cxb3 23. axb3 Rxc1 24. Rxc1 Rc8 25. Rxc8+ Qxc8 26. Qh5 Qc6 27.
Qe2 a5 28. Bf1 Bc8 29. f3 {suite illisible} 0-1

[Event "FRA-chT1 0910"]
[Site "France"]
[Date "2009.11.22"]
[Round "5.7"]
[White "Gingene, Eric"]
[Black "Netzer, Jacques"]
[Result "0-1"]
[WhiteElo "2092"]
[BlackElo "2174"]
[PlyCount "64"]
[EventDate "2009.09.27"]
[EventType "team-match"]
[EventRounds "11"]
[EventCountry "FRA"]
[SourceDate "2009.07.26"]

1. d4 Nf6 2. Nf3 g6 3. c4 Bg7 4. Nc3 O-O 5. e4 d6 6. Be2 e5 7. O-O Nc6 8. d5
Ne7 9. Ne1 Nd7 10. Nd3 f5 11. f4 exf4 12. exf5 Nxf5 13. Nxf4 Nc5 14. Bg4 Qh4
15. Bxf5 Bxf5 16. Be3 Rae8 17. Qd2 Ne4 18. Nxe4 Rxe4 19. Ne6 Bxe6 20. Rxf8+
Bxf8 21. dxe6 Rxe6 22. Qd5 Qe4 23. Bxa7 Bg7 24. Rd1 Bxb2 25. Qxe4 Rxe4 26. c5
Bd4+ 27. Kf1 dxc5 28. a4 Re8 29. Rb1 b6 30. a5 Ra8 31. axb6 cxb6 32. Bxb6 Rb8
0-1

[Event "FRA-chT1 0910"]
[Site "France"]
[Date "2009.11.22"]
[Round "5.2"]
[White "Hamdouchi, Adina Maria"]
[Black "Williams, Simon Kim"]
[Result "0-1"]
[WhiteElo "2314"]
[BlackElo "2550"]
[PlyCount "52"]
[EventDate "2009.09.27"]
[EventType "team-match"]
[EventRounds "11"]
[EventCountry "FRA"]
[SourceDate "2009.07.26"]
[WhiteTeam "Montpellier"]
[BlackTeam "Rueil"]

1. d4 e6 2. Nf3 f5 3. Nc3 Nf6 4. Bg5 Bb4 5. e3 b6 6. Bd3 Bb7 7. O-O Bxc3 8.
bxc3 O-O 9. Qe2 h6 10. Bxf6 Qxf6 11. e4 fxe4 12. Bxe4 Bxe4 13. Qxe4 Nc6 14. c4
Qf5 15. Qxf5 Rxf5 16. c3 Raf8 17. Nd2 g5 18. f3 Na5 19. Rfd1 Kf7 20. Rab1 Ke7
21. h3 c5 22. Kf2 Rc8 23. Rbc1 Kd8 24. Ke3 b5 25. g4 Rf4 26. cxb5 Ke7 {suite
illisible} 0-1

[Event "FRA-chT1 0910"]
[Site "France"]
[Date "2009.11.22"]
[Round "5.4"]
[White "Ider, Borya"]
[Black "Brailly Vignal, Bastien"]
[Result "1/2-1/2"]
[WhiteElo "2276"]
[BlackElo "2167"]
[PlyCount "95"]
[EventDate "2009.09.27"]
[EventType "team-match"]
[EventRounds "11"]
[EventCountry "FRA"]
[SourceDate "2009.07.26"]

1. d4 Nf6 2. c4 e6 3. Nf3 b6 4. g3 Ba6 5. b3 Bb4+ 6. Bd2 Be7 7. Bg2 c6 8. O-O
O-O 9. Bc3 d5 10. Ne5 Bb7 11. Nd2 Nbd7 12. Nxd7 Qxd7 13. e4 Nxe4 14. Nxe4 dxe4
15. Bxe4 Bf6 16. Qd3 h6 17. Rad1 Rad8 18. Qf3 Qc7 19. c5 Rd7 20. Rc1 Bxd4 21.
Bxd4 Rxd4 22. cxb6 Qxb6 23. Bxc6 Bxc6 24. Qxc6 Rd2 25. Qxb6 axb6 26. Rc6 b5 27.
Rc5 Ra8 28. Ra1 b4 29. Rc4 Rb8 30. Rac1 Rxa2 31. Rc8+ Rxc8 32. Rxc8+ Kh7 33.
Rb8 h5 34. Rxb4 Rb2 35. Rb7 Kg6 36. b4 Kf6 37. h4 g6 38. b5 Kg7 39. b6 Kf6 40.
Rb8 Kg7 41. Kg2 Kf6 42. Kf3 Kf5 43. Ke3 Ke5 44. b7 Kf6 45. Kd4 Rb1 46. f3 Rd1+
47. Kc3 Rb1 48. Kc2 1/2-1/2

[Event "FRA-chT1 0910"]
[Site "France"]
[Date "2009.11.22"]
[Round "5.1"]
[White "Janev, Evgeni"]
[Black "Georgiev, Vladimir"]
[Result "1/2-1/2"]
[WhiteElo "2448"]
[BlackElo "2537"]
[PlyCount "31"]
[EventDate "2009.09.27"]
[EventType "team-match"]
[EventRounds "11"]
[EventCountry "FRA"]
[SourceDate "2009.07.26"]
[WhiteTeam "Cavalier Fou Bressan "]
[BlackTeam "Mulhouse"]

1. e4 c5 2. Nf3 Nc6 3. Bb5 g6 4. Bxc6 dxc6 5. d3 Bg7 6. h3 e5 7. Be3 Qe7 8. Qd2
Nf6 9. Qc3 Nd7 10. Nbd2 a5 11. a3 O-O 12. Nc4 a4 13. b4 axb3 14. cxb3 f5 15.
O-O f4 16. Bd2 1/2-1/2

[Event "FRA-chT1 0910"]
[Site "France"]
[Date "2009.11.22"]
[Round "5.7"]
[White "Jeannerot, Lea"]
[Black "Podvin, Francois Xavier"]
[Result "1-0"]
[WhiteElo "2027"]
[BlackElo "1934"]
[PlyCount "99"]
[EventDate "2009.09.27"]
[EventType "team-match"]
[EventRounds "11"]
[EventCountry "FRA"]
[SourceDate "2009.07.26"]

1. Nf3 b6 2. b3 Bb7 3. Bb2 e6 4. e3 f5 5. Ne5 Nf6 6. c4 Na6 7. a3 Be7 8. d4 c5
9. Nd2 O-O 10. Ndf3 Ne4 11. Be2 Bf6 12. O-O d6 13. Nd3 g5 14. b4 Qe8 15. Qc2
Rc8 16. bxc5 bxc5 17. Rab1 Bc6 18. Nd2 Ba4 19. Qc1 cxd4 20. Bxd4 e5 21. Ba1
Nac5 22. Nxe4 Nxe4 23. Nb4 Bc6 24. f3 Nc5 25. Qd2 Be7 26. Rfd1 Ba4 27. Rf1 Bc6
28. Nxc6 Qxc6 29. Rfd1 Rb8 30. Qc2 Qa4 31. Qxa4 Nxa4 32. Bd3 Nc5 33. Bxf5 Rb3
34. Rxb3 Nxb3 35. Be6+ Kg7 36. Bc3 Nc5 37. Bd5 Rb8 38. Bb4 Na6 39. Bd2 Nc5 40.
f4 gxf4 41. exf4 Rb3 42. fxe5 dxe5 43. Rf1 Bf6 44. Bb4 Nd3 45. c5 Rb2 46. c6 e4
47. Rxf6 e3 48. Rf1 Rc2 49. Be4 e2 50. Rb1 1-0

[Event "FRA-chT1 0910"]
[Site "France"]
[Date "2009.11.22"]
[Round "5.3"]
[White "Karim, Ismael"]
[Black "Ludwig, Remi"]
[Result "0-1"]
[WhiteElo "2410"]
[BlackElo "2205"]
[PlyCount "86"]
[EventDate "2009.09.27"]
[EventType "team-match"]
[EventRounds "11"]
[EventCountry "FRA"]
[SourceDate "2009.07.26"]

1. e4 e6 2. d4 d5 3. Nd2 a6 4. Ngf3 Nf6 5. e5 Nfd7 6. Bd3 c5 7. c3 Nc6 8. O-O
g5 9. Nb3 g4 10. Ng5 c4 11. Qxg4 cxd3 12. Nxe6 Ndxe5 13. Ng7+ Bxg7 14. Qxg7 Ng6
15. Re1+ Be6 16. Nc5 Qe7 17. Bg5 Qxg5 18. Rxe6+ Nce7 19. Re5 Qd2 20. Nb3 Qxb2
21. Rae1 d2 22. Rd1 Qxc3 23. Rxd2 Rg8 24. Qf6 Nf8 25. Re1 Ne6 26. Re3 Qb4 27.
Rde2 Rc8 28. Rxe6 fxe6 29. Qxe6 Kd8 30. Nc5 Rc7 31. Qd6+ Kc8 32. g3 Qb1+ 33.
Kg2 Qg6 34. Re6 Qg7 35. Nxa6 bxa6 36. Qxa6+ Kd8 37. Qb5 Nc8 38. Qxd5+ Qd7 39.
Qe5 Rf8 40. Qe4 Rc4 41. Qh4+ Kc7 42. Qe4 Rxd4 43. Qc2+ Kd8 0-1

[Event "FRA-chT1 0910"]
[Site "France"]
[Date "2009.11.22"]
[Round "5.6"]
[White "Kerbrat, Julien"]
[Black "Di Paolo, Raffaele"]
[Result "0-1"]
[WhiteElo "2185"]
[BlackElo "2336"]
[PlyCount "46"]
[EventDate "2009.09.27"]
[EventType "team-match"]
[EventRounds "11"]
[EventCountry "FRA"]
[SourceDate "2009.07.26"]

1. e4 e6 2. d3 d5 3. Nd2 Nf6 4. Ngf3 Bc5 5. e5 Nfd7 6. g3 O-O 7. Bg2 f6 8. d4
Bb6 9. exf6 Qxf6 10. Nb3 c5 11. Be3 cxd4 12. Bxd4 e5 13. Bxb6 Nxb6 14. Qd2 Bg4
15. Ng1 Nc6 16. f3 Bh5 17. c3 d4 18. cxd4 exd4 19. Ne2 Nc4 20. Qf4 Qd8 21. Qe4
Re8 22. Qf4 Ne3 23. Kf2 Nxg2 0-1

[Event "FRA-chT1 0910"]
[Site "France"]
[Date "2009.11.22"]
[Round "5.3"]
[White "Lamoureux, Charles"]
[Black "Lerch, Patrice"]
[Result "0-1"]
[WhiteElo "2376"]
[BlackElo "2316"]
[PlyCount "84"]
[EventDate "2009.09.27"]
[EventType "team-match"]
[EventRounds "11"]
[EventCountry "FRA"]
[SourceDate "2009.07.26"]

1. e4 c5 2. Nf3 Nc6 3. Nc3 g6 4. d4 cxd4 5. Nxd4 Bg7 6. Nb3 Nf6 7. Be2 O-O 8.
O-O d6 9. Bg5 h6 10. Be3 Be6 11. f4 Rc8 12. Qd2 Na5 13. e5 Nxb3 14. axb3 dxe5
15. fxe5 Nd5 16. Bxh6 Nxc3 17. bxc3 Qxd2 18. Bxd2 Rfd8 19. Bg5 Bxe5 20. Rxa7
Rd7 21. Bb5 Bb8 22. Ra5 Rd5 23. Be3 Rxc3 24. Bb6 Rxc2 25. Ra8 Rc8 26. Bc4 Bxh2+
27. Kh1 Rxa8 28. Bxd5 Bxd5 29. Kxh2 Bxb3 30. Re1 Rc8 31. g4 f6 32. Kg3 g5 33.
Ra1 Bd5 34. Ra7 e5 35. Bc5 b5 36. Rd7 Bc4 37. Rb7 Rd8 38. Kf3 Be6 39. Re7 Bf7
40. Rc7 Rd3+ 41. Ke2 Bc4 42. Kf2 Be6 0-1

[Event "FRA-chT1 0910"]
[Site "France"]
[Date "2009.11.22"]
[Round "5.2"]
[White "Libiszewski, Fabien"]
[Black "Llanes Hurtado, Miguel"]
[Result "1/2-1/2"]
[WhiteElo "2518"]
[BlackElo "2493"]
[PlyCount "32"]
[EventDate "2009.09.27"]
[EventType "team-match"]
[EventRounds "11"]
[EventCountry "FRA"]
[SourceDate "2009.07.26"]

1. e4 e5 2. Nf3 Nc6 3. Nc3 Nf6 4. Bb5 Bc5 5. O-O O-O 6. Nxe5 Nxe5 7. d4 Bd6 8.
f4 Nc6 9. e5 Be7 10. d5 Nxd5 11. Nxd5 d6 12. Nxe7+ Nxe7 13. exd6 cxd6 14. Be3
Bf5 15. Bd3 Qd7 16. Bf2 Rfe8 1/2-1/2

[Event "FRA-chT1 0910"]
[Site "France"]
[Date "2009.11.22"]
[Round "5.8"]
[White "Louche, Herve"]
[Black "Wilson, Alexandra"]
[Result "1/2-1/2"]
[WhiteElo "1804"]
[BlackElo "2089"]
[PlyCount "70"]
[EventDate "2009.09.27"]
[EventType "team-match"]
[EventRounds "11"]
[EventCountry "FRA"]
[SourceDate "2009.07.26"]

1. e4 e6 2. d4 d5 3. e5 c5 4. Qg4 Qa5+ 5. Nd2 Nc6 6. c3 Nh6 7. Qd1 c4 8. f4 Nf5
9. Ndf3 Be7 10. g3 Bd7 11. Bg2 O-O-O 12. Ne2 f6 13. O-O h5 14. Bd2 Qa6 15. b4
Nb8 16. a4 Rdf8 17. b5 Qa5 18. Qc2 h4 19. g4 h3 20. gxf5 hxg2 21. Kxg2 exf5 22.
Ng3 Qd8 23. Rae1 g6 24. e6 Be8 25. Rh1 a6 26. Rb1 a5 27. Rbe1 Rh7 28. Ref1 Qb6
29. Bc1 Bd6 30. Nxf5 gxf5 31. Qxf5 Re7 32. Qxd5 Qc7 33. f5 Bh5 34. Nd2 Rd8 35.
Qxc4 Bg4 1/2-1/2

[Event "FRA-chT1 0910"]
[Site "France"]
[Date "2009.11.22"]
[Round "5.8"]
[White "Macarry, Elodie"]
[Black "Malferrari, Sofia"]
[Result "1-0"]
[WhiteElo "1892"]
[BlackElo "1520"]
[PlyCount "73"]
[EventDate "2009.09.27"]
[EventType "team-match"]
[EventRounds "11"]
[EventCountry "FRA"]
[SourceDate "2009.07.26"]

1. e4 e5 2. Nc3 Nf6 3. Bc4 Nc6 4. d3 Bb4 5. f4 Bxc3+ 6. bxc3 O-O 7. f5 d5 8.
exd5 Nxd5 9. Qf3 Nf6 10. Bg5 h6 11. Bh4 Qd6 12. Ne2 b6 13. Rg1 Bb7 14. Qh3 Rad8
15. g4 Nd7 16. g5 h5 17. g6 Rb8 18. Bxf7+ Rxf7 19. gxf7+ Kxf7 20. Bg5 Rh8 21.
Kd2 Nc5 22. Ng3 h4 23. Raf1 e4 24. f6 g6 25. Bf4 Qd8 26. Ne2 exd3 27. cxd3 Ne4+
28. Kc2 Nc5 29. d4 Ne4 30. Qg4 Qg8 31. Qd7+ Kf8 32. f7 Qh7 33. Bh6+ Qxh6 34.
Qe8+ Kg7 35. f8=Q+ Rxf8 36. Qxf8+ Kh7 37. Rf7+ 1-0

[Event "FRA-chT1 0910"]
[Site "France"]
[Date "2009.11.22"]
[Round "5.7"]
[White "Manoeuvre, Antoine"]
[Black "Domelevo Entfellner, Jean Baka"]
[Result "1-0"]
[WhiteElo "2210"]
[BlackElo "1859"]
[PlyCount "75"]
[EventDate "2009.09.27"]
[EventType "team-match"]
[EventRounds "11"]
[EventCountry "FRA"]
[SourceDate "2009.07.26"]

1. d4 d5 2. c4 c6 3. Nf3 Nf6 4. Nc3 Bf5 5. Qb3 Qb6 6. Qxb6 axb6 7. cxd5 Nxd5 8.
Nxd5 cxd5 9. Bf4 Nc6 10. a3 e6 11. e3 Bb4+ 12. Kd1 O-O 13. Bb5 Rfc8 14. Ke2 Be7
15. Rac1 h6 16. Ne5 g5 17. Bg3 Na5 18. Bd7 Rd8 19. Bb5 f6 20. Nd7 Nc4 21. Bxc4
Rxd7 22. Bb5 Rdd8 23. Bc7 Rdc8 24. Bd7 Rf8 25. Bxb6 Ra6 26. Bc7 Bd6 27. Bb5
Bxa3 28. Bxa6 Bxb2 29. Bxb7 Bxc1 30. Rxc1 Rf7 31. f3 Kg7 32. Bc8 g4 33. Kf2 Kg6
34. fxg4 Bxg4 35. h3 Bf5 36. g4 Be4 37. Bxe6 Re7 38. Rc6 1-0

[Event "FRA-chT1 0910"]
[Site "France"]
[Date "2009.11.22"]
[Round "5.4"]
[White "Mirabeau, Olivier"]
[Black "Battaglini, Gabriel"]
[Result "0-1"]
[WhiteElo "2060"]
[BlackElo "2398"]
[PlyCount "82"]
[EventDate "2009.09.27"]
[EventType "team-match"]
[EventRounds "11"]
[EventCountry "FRA"]
[SourceDate "2009.07.26"]

1. d4 Nf6 2. c4 e6 3. Nc3 Bb4 4. Nf3 d5 5. e3 O-O 6. a3 Bxc3+ 7. bxc3 c5 8. Bd3
Nc6 9. O-O dxc4 10. Bxc4 b6 11. Qe2 Bb7 12. Ne5 Nxe5 13. dxe5 Nd5 14. Bd2 Qc7
15. e4 Ne7 16. f4 Rad8 17. Be1 Nc6 18. Qg4 Na5 19. Bh4 Bxe4 20. Bxd8 Rxd8 21.
Be2 Nb3 22. Ra2 c4 23. Qg3 Bd3 24. Qe3 Rd5 25. g4 Nc5 26. Rd1 g5 27. Bxd3 Nxd3
28. fxg5 Rxe5 29. Qd4 Rxg5 30. Rf1 e5 31. Qe4 Nf4 32. Kh1 Rxg4 33. Rg1 Rxg1+
34. Kxg1 Qd7 35. Qf3 h5 36. Ra1 Qd2 37. Rf1 Kf8 38. h4 Qd8 39. Rf2 Qxh4 40. Rh2
Qe1+ 41. Qf1 Qxc3 0-1